000 01614nam0a2200337 4500
001 RU\NLR\BIBL_A\022755991
005 20260408234135.0
035 _a(NLR Aleph) 022755991
090 _a13644194
_c13644194
100 _a20260317d1886 u y0rusy50 ca
101 0 _arus
102 _aRU
105 _ay z 000yy
181 0 _ai
_b xxe
182 0 _an
200 1 _aРазсчетная книжка №_
_fФабрика Стеариновых свечей и искусственнаго коровьяго масла Е. Жульена Старшаго
203 _aТекст
_bвизуальный
_cнепосредственный
210 _aОдесса
_cТип. Г. Бекеля
_dцензура 1886
215 _a16 с.
_d17
327 1 _aСодерж.: Правила для дворника ; Правила для работников и работниц ; Условия найма
464 0 _12001#$aПравила для дворника$aПравила для работников и работниц$aУсловия найма
_tУсловия найма
518 1 _aРасчетная книжка №_
606 _aРасчетные книжки
_yРоссия
_3RU\NLR\AUTH\6601767711
_92701060
686 3 _aХ879(2)1
710 0 2 _aФабрика стеариновых свечей и искусственного коровьего масла Е. Жульена Старшего
_cОдесса
_3RU\NLR\AUTH\880640288
_92701622
852 _aNLR
_j18.171.6.35
942 _cBOOK
980 _aNB